[Event "CZE-chT2c 9596"]
[Site "CZE"]
[Date "1996.??.??"]
[Round "11"]
[White "Nedela, Vlastimil"]
[Black "Haba, Petr"]
[Result "1/2-1/2"]
[WhiteElo "2435"]
[BlackElo "2440"]

1.c4 c6 2.d4 d5 3.Nc3 e6 4.e3 f5 5.f4 Nf6 6.Nf3 Bd6 7.Be2 O-O 8.O-O b6 9.Bd2 a5
10.Be1 Ba6 11.b3 Ne4 12.Rc1 Nxc3 13.Rxc3 b5 14.Bh4 Qe8 15.Rc2 h6 16.Kh1 Rf7
17.c5 Bc7 18.a3 Nd7 19.Rg1 b4 20.Bxa6 Rxa6 21.a4 Bd8 22.Bxd8 Qxd8 23.g4 fxg4
24.Rxg4 Qf6 25.Rcg2 Qf5 26.Qg1 Qh7 27.Rh4 Rf6 28.Rhg4 Rf7 29.h4 Ra7 30.h5 Nf6
31.Rh4 Qf5 32.Ne5 Rfc7 33.Rg6 Kh7 34.Kh2 Qc2+ 35.Qg2 Qxg2+ 36.Kxg2 Ra8 37.Rh3 Re8
38.Kf3 Ree7 39.Rh4 Re8 40.Rg2 Ree7 41.Ng6 Re8 42.Rhh2 Rec8 43.Ke2 Rf7 44.Ne5  1/2-1/2

[Event "Decin op"]
[Site "Decin"]
[Date "1996.??.??"]
[Round "2"]
[White "Gorbatow, Alexej"]
[Black "Beil, Zdenek"]
[Result "1/2-1/2"]
[WhiteElo "2415"]
[BlackElo "2325"]

1.c4 c6 2.Nf3 d5 3.e3 Nf6 4.Nc3 g6 5.b3 Bg7 6.Bb2 O-O 7.Be2 Re8 8.d4 Nbd7
9.O-O e6 10.b4 a5 11.b5 c5 12.cxd5 Nxd5 13.Ne4 Qe7 14.Rc1 cxd4 15.Bxd4 e5
16.Ba1 N7b6 17.Nc5 Bg4 18.h3 e4 19.Nxe4 Bxa1 20.hxg4 Bb2 21.Rc2 Qxe4 22.Rxb2 Na4
23.Rc2 Nac3 24.Qd3 Nxe2+ 25.Qxe2 Qxg4 26.Qc4 Qf5 27.Rd2 Nb6 28.Qd4 Re6 29.Rc1 Qxb5
30.Rb2 Qd5 31.Qxd5 Nxd5 32.Rxb7 h6 33.Rc5 Rb6 34.Rxb6 Nxb6 35.Ne5 Rc8 36.Rxa5 Nc4
37.Nxc4 Rxc4 38.Ra7 Rc2 39.a4 Ra2 40.g3 g5 41.g4 Kg7 42.Kg2 Kf6 43.Kf3 Kg6
44.Ra5 Kg7 45.Ra6 Kh7 46.a5 Kg7 47.Ra7 Kf6 48.Ra8 Kg6 49.a6 Kg7 50.Ke4 Ra4+
51.Kf3 Ra2 52.e4 Ra3+ 53.Ke2 Kf6 54.Kd2 Ke5 55.f3 Kf4 56.Rf8 Kxf3 57.Rxf7+ Kxe4
58.a7 Ke5 59.Kc2 Ke6 60.Kb2 Ra6 61.Rb7 Ke5 62.Kb3 Ra1 63.Rc7 Kd6 64.Rh7 Ke5
65.Rb7 Ra6 66.Rc7 Kd6 67.Rh7 Ke5 68.Rf7 Ke6 69.Rb7 Ke5 70.Rf7  1/2-1/2

[Event "Decin op"]
[Site "Decin"]
[Date "1996.??.??"]
[Round "2"]
[White "Vaulin, Alexander"]
[Black "Zugaj, Fjodor"]
[Result "1-0"]
[WhiteElo "2485"]
[BlackElo "2190"]

1.c4 c6 2.e4 d5 3.cxd5 cxd5 4.exd5 Nf6 5.Bb5+ Bd7 6.Bc4 Qb6 7.Nc3 g6 8.Nf3 Bg7
9.O-O O-O 10.Re1 Qb4 11.d3 b5 12.a3 Qd6 13.Bxb5 Nxd5 14.Nxd5 Bxb5 15.Qb3 e6
16.Qxb5 exd5 17.Qa4 Qc6 18.Qh4 Nd7 19.d4 a5 20.Bh6 Qb5 21.Rab1 Rfe8 22.Bxg7 Kxg7
23.Ne5 Re6 24.Nxf7 Nf8 25.Ne5 Nd7 26.Nf3  1-0

[Event "Decin op"]
[Site "Decin"]
[Date "1996.??.??"]
[Round "5"]
[White "Shurygin, Sergey"]
[Black "Meduna, Eduard"]
[Result "1/2-1/2"]
[WhiteElo "2390"]
[BlackElo "2450"]

1.c4 c6 2.e4 d5 3.exd5 cxd5 4.d4 Nf6 5.Nc3 e6 6.Nf3 Be7 7.Bd3 dxc4 8.Bxc4 O-O
9.O-O a6 10.Be3 b5 11.Bd3 Bb7 12.Rc1 Nbd7 13.Qe2 Nb6 14.a3 Nbd5 15.Ne5 Rc8
16.Bd2 Nxc3 17.Bxc3 Qd5 18.f3 g6 19.Qf2 Qd8 20.Bd2 Qb6 21.Be3 Qd6 22.Bd2 Qb6
23.Be3 Qd6 24.Bd2  1/2-1/2

[Event "Decin op"]
[Site "Decin"]
[Date "1996.??.??"]
[Round "6"]
[White "Kansky, Pavel"]
[Black "Beil, Zdenek"]
[Result "0-1"]
[WhiteElo "2145"]
[BlackElo "2325"]

1.c4 c6 2.Nc3 d5 3.cxd5 cxd5 4.d4 Nf6 5.Nf3 Nc6 6.Bf4 e6 7.e3 a6 8.Bd3 Be7
9.O-O O-O 10.Ne5 Bd7 11.Rc1 Rc8 12.Bb1 b5 13.e4 g6 14.f3 Nxe5 15.dxe5 Bc5+
16.Kh1 Nh5 17.Bh6 Qh4 18.Qe1 Ng3+ 19.Qxg3 Qxh6 20.exd5 Be3 21.Rcd1 Bf4 22.Qh3 Qxh3
23.gxh3 Bxe5 24.d6 b4 25.Ne4 Bxb2 26.Bd3 Rc6 27.Rb1 Bc3 28.Rfc1 Rd8 29.a3 f5
30.Nf2 bxa3  0-1

[Event "Decin op"]
[Site "Decin"]
[Date "1996.??.??"]
[Round "6"]
[White "Minasian, Ara"]
[Black "Shurygin, Sergey"]
[Result "0-1"]
[WhiteElo "2425"]
[BlackElo "2390"]

1.c4 c6 2.e4 d5 3.exd5 cxd5 4.d4 Nf6 5.Nc3 Nc6 6.Bg5 Be6 7.Nf3 Ne4 8.cxd5 Bxd5
9.Nxe4 Bxe4 10.Bc4 Qa5+ 11.Bd2 Qf5 12.Ng5 Bd5 13.Qb3 Nxd4 14.Qa4+ b5 15.Bxb5+ Nxb5
16.Qxb5+ Qd7 17.Qxd7+ Kxd7 18.f3 f6 19.Ne4 e5 20.Nc3 Bc6 21.Be3 Be7 22.O-O-O+ Ke6
23.Rd3 Rhd8 24.Rxd8 Bxd8 25.Bc5 Bb6 26.Bxb6 axb6 27.Rd1 g5 28.h3 h5 29.Kd2 g4
30.hxg4 hxg4 31.Ke3 gxf3 32.gxf3 Rh8 33.Ne2 Rh3 34.Ng1 Rh1 35.a3 f5 36.Rf1 Bb5
37.Re1 Rh2 38.Rb1 f4+ 39.Ke4 Rd2  0-1

[Event "Decin op"]
[Site "Decin"]
[Date "1996.??.??"]
[Round "9"]
[White "Jirovsky, Milos"]
[Black "Shurygin, Sergey"]
[Result "1/2-1/2"]
[WhiteElo "2445"]
[BlackElo "2390"]

1.c4 c6 2.Nf3 d5 3.Qb3 Nf6 4.d4 dxc4 5.Qxc4 Bf5 6.g3 e6 7.Bg2 Be7 8.O-O Nbd7
9.Nc3 O-O 10.Bg5 Ne4 11.Bxe7 Qxe7 12.Rfd1 Nb6 13.Qb3 Nxc3 14.bxc3 Be4 15.Ne5 Bxg2
16.Kxg2 Rab8 17.Qb4 Qxb4 18.cxb4 Rfd8 19.e3 f6 20.Nd3 Na4 21.Rac1 Rd7 22.f4 h5
23.Kf3 Kf7 24.h3 Ke7 25.Nc5 Nxc5 26.Rxc5 Rd5 27.a4 Rbd8 28.Rdc1 a6 29.R1c4 R8d7
30.Rc2 Rd8 31.Rc1 Kf7 32.b5 axb5 33.axb5 Rxc5 34.Rxc5 Rd5 35.bxc6 Rxc5 36.dxc5 bxc6
37.e4 g6 38.Ke3  1/2-1/2

[Event "Dresden op"]
[Site "Dresden"]
[Date "1996.??.??"]
[Round "5"]
[White "Uhlmann, Wolfgang"]
[Black "Zschaebitz, Klaus"]
[Result "1-0"]
[WhiteElo "2460"]
[BlackElo "2240"]

1.c4 c6 2.d4 d5 3.Nc3 e5 4.e3 exd4 5.exd4 Nf6 6.Bd3 Be7 7.h3 O-O 8.Nf3 dxc4
9.Bxc4 Nbd7 10.O-O Nb6 11.Bb3 Nbd5 12.Re1 Be6 13.Bg5 h6 14.Bh4 Re8 15.Ne5 Rc8
16.Bc2 b5 17.Nxd5 cxd5 18.Rc1 g5 19.Bg3 Qb6 20.Qd3 Bb4 21.Red1 Bf8 22.f4 Ne4
23.Qf3 Nxg3 24.Qxg3 Bg7 25.fxg5 hxg5 26.Qxg5 f6 27.Qg6 fxe5 28.Qh7+ Kf8 29.Rf1+ Bf7
30.Rxf7+ Kxf7 31.Rf1+ Qf6 32.Rxf6+ Kxf6 33.Qg6+ Ke7 34.Qxg7+ Kd6 35.Qf6+ Kc7
36.dxe5 Rcd8 37.Bd3  1-0

[Event "Asia-ch"]
[Site "Dubai"]
[Date "1996.??.??"]
[Round "?"]
[White "Kassabe, Ezat"]
[Black "Al Hantouli, Firas"]
[Result "1-0"]
[WhiteElo "2270"]
[BlackElo "2200"]

1.c4 c6 2.Nf3 g6 3.g3 Bg7 4.Bg2 Nf6 5.O-O O-O 6.d3 d6 7.Nc3 Na6 8.e4 e5 9.h3 Bd7
10.Be3 Ne8 11.Ne1 Nac7 12.Qd2 Ne6 13.Ne2 a6 14.d4 c5 15.dxe5 dxe5 16.f4 Qc7
17.Nd3 Rd8 18.fxe5 Bxe5 19.Nxe5 Qxe5 20.Qc3 Qh5 21.Rf2 Bc6 22.Raf1 Nd6 23.Nf4 Nxf4
24.Rxf4 Rfe8 25.g4 Qe5 26.Qxe5 Rxe5 27.Rd1 Rd7 28.b3 Kg7 29.Bc1 f6 30.Bb2 Re6
31.g5 Ne8 32.gxf6+ Kf7 33.Rxd7+ Bxd7 34.e5 Rb6 35.Rf2 Be6 36.Ba3 a5 37.Bxc5  1-0

[Event "Nord Cup 2nd"]
[Site "Duesseldorf"]
[Date "1996.??.??"]
[Round "4"]
[White "Mazurkiewicz, Kacimierz"]
[Black "Schlecht, Daniel"]
[Result "1/2-1/2"]
[WhiteElo "1945"]
[BlackElo "2220"]

1.c4 c6 2.Nf3 d5 3.e3 Nf6 4.b3 Bg4 5.Bb2 e6 6.h3 Bh5 7.Be2 Nbd7 8.O-O Be7
9.Ne5 Bxe2 10.Qxe2 Nxe5 11.Bxe5 O-O 12.d4 Nd7 13.Bh2 Bf6 14.cxd5 exd5 15.Nc3 Re8
16.Qd3 Be7 17.Rac1 Nf6 18.Rc2 Bb4 19.Be5 Nd7 20.Bf4 Re6 21.a4 a5 22.Rfc1 Qh4
23.Qf5 g6 24.Qg5 Qxg5 25.Bxg5 Bd6 26.Ne2 f6 27.Bf4 Bb4 28.h4 Kg7 29.g4 g5
30.Bh2 gxh4 31.Kg2 Rg8 32.Kh3 Kf7 33.Nf4 Re4 34.Kxh4 f5 35.Rg1 Bd6 36.Rcc1 fxg4
37.Rxg4 Rxg4+ 38.Kxg4 Re8 39.Kf5 Rg8 40.Rg1 Rxg1 41.Bxg1 Bxf4 42.exf4 b5
43.f3 bxa4 44.bxa4 Nb6 45.Bf2 Nxa4 46.Be1 c5 47.dxc5 Nxc5 48.Bxa5 d4 49.Kg5 Ne6+
50.Kf5 h6 51.Kg4 d3 52.f5 Nd4 53.Bd2 h5+ 54.Kxh5 Nxf3 55.Bc3 d2  1/2-1/2

[Event "Edinburgh"]
[Site "Edinburgh"]
[Date "1996.??.??"]
[Round "7"]
[White "Grant, Jonathan"]
[Black "Bryson, Douglas M"]
[Result "1/2-1/2"]
[WhiteElo "2265"]
[BlackElo "2380"]

1.c4 c6 2.e4 d5 3.exd5 cxd5 4.d4 Nf6 5.Nc3 Nc6 6.Nf3 Bg4 7.cxd5 Nxd5 8.Qb3 Bxf3
9.gxf3 Nb6 10.Be3 e6 11.O-O-O Be7 12.d5 exd5 13.Bxb6 Qxb6 14.Qxb6 axb6 15.Nxd5 Rxa2
16.Kb1 Ra5 17.Bb5 Bf6 18.Rhe1+ Kf8 19.Nc7 g6 20.Rd7 Be5 21.Bc4 Kg7 22.Rxf7+ Kh6
23.Ne6 Nd8 24.Nxd8 Rxd8 25.f4 Bd6 26.Re3 Rh5 27.h3 Bc5 28.Rf3 Rf5 29.Rxb7 Rdf8
30.b4 Bxb4 31.Rxb6 Ba5 32.Rb7 Rxf4 33.Rxf4 Rxf4 34.Bg8 Rb4+ 35.Rxb4 Bxb4
36.Kc2 Bc5 37.f3 Kg7 38.Be6 Kf6 39.Bc8 Ke5 40.Kd3 Kf4  1/2-1/2

[Event "RUS-ch sf"]
[Site "Ekaterinburg"]
[Date "1996.??.??"]
[Round "?"]
[White "Ragozin, Evgeni"]
[Black "Alavkin, Arseny"]
[Result "0-1"]
[WhiteElo "2475"]
[BlackElo "2290"]

1.c4 c6 2.d4 d5 3.Nf3 Nf6 4.Nc3 e6 5.Bg5 h6 6.Bxf6 Qxf6 7.e3 Nd7 8.Bd3 dxc4
9.Bxc4 g6 10.O-O Bg7 11.Rc1 O-O 12.Bb3 Rd8 13.Ne4 Qe7 14.Qc2 Nf8 15.Ne5 Bd7
16.f4 Be8 17.a3 Kh8 18.Kh1 Rac8 19.Ba2 a5 20.Qf2 Ra8 21.Qg3 f6 22.Nf3 Bf7
23.Qh3 Kg8 24.Nf2 a4 25.Nd3 Ra5 26.Nc5 Ra7 27.Nd3 Ra5 28.Qg3 Kh8 29.Nh4 Bg8
30.Qe1 Ra7 31.Bb1 Bh7 32.Nf3 g5 33.fxg5 hxg5 34.Qg3 Qd6 35.Qh3 Kg8 36.Nf2 Bxb1
37.Rxb1 Qe7 38.Ne4 Ra5 39.g4 Nh7 40.Nc3 Qd7 41.e4 Rf8 42.Rbd1 f5 43.Qg2 fxg4
44.Qxg4 Rf4 45.Qg3 Qf7 46.Ne2 Rf6 47.Qg2 Ra8 48.Ne5 Qe7 49.Rxf6 Bxf6 50.Ng4 Bg7
51.e5 Rf8 52.Nc3 Rf4 53.Ne2 Rf8 54.Qe4 Rf5 55.Kg1 Qf7 56.Ne3 Rf2 57.Rf1 Rxf1+
58.Nxf1 Nf8 59.Nd2 Ng6 60.Nf3 Bh6 61.Kf2 Kg7 62.Qg4 Qf5 63.Qxf5 exf5 64.Ng3 Ne7
65.Ke2 Kf7 66.Kd3 Ke6 67.Ne1 Nd5 68.Ng2 f4 69.Ne4 g4 70.Nh4 b6 71.Nf2 g3
72.Nh1 Bg5 73.Nf3 g2 74.Nf2 Kf5  0-1

[Event "RUS-ch U20"]
[Site "Ekaterinburg"]
[Date "1996.??.??"]
[Round "5"]
[White "Dyachkov, Sergej"]
[Black "Sotnikov, Igor"]
[Result "1/2-1/2"]
[WhiteElo "2505"]
[BlackElo "2455"]

1.c4 c6 2.d4 d5 3.Nf3 Nf6 4.Nc3 a6 5.c5 Nbd7 6.b4 g6 7.Bb2 Bg7 8.g3 O-O 9.Bg2 e5
10.dxe5 Ng4 11.e6 fxe6 12.O-O a5 13.a3 Nge5 14.Nxe5 Nxe5 15.Na4 Nc4 16.Bxg7 Kxg7
17.e4 Qf6 18.Qe2 Bd7 19.Rfe1 axb4 20.axb4 Ra7 21.Ra2 Rfa8 22.Rea1 Qd4 23.Qc2 Be8
24.Qc3 Qxc3 25.Nxc3 Rxa2 26.Rxa2 Rxa2  1/2-1/2

[Event "BCF-chT 96/97"]
[Site "England"]
[Date "1996.??.??"]
[Round "?"]
[White "Thompson, Ian D"]
[Black "Houska, Miroslav"]
[Result "0-1"]
[WhiteElo "2285"]
[BlackElo "2260"]

1.c4 c6 2.Nf3 d5 3.b3 Bf5 4.e3 e6 5.Be2 Nf6 6.O-O Be7 7.Ba3 Bxa3 8.Nxa3 O-O
9.Nh4 Bg6 10.Nxg6 hxg6 11.d4 a5 12.Nb1 Nbd7 13.Nc3 Qe7 14.Qc2 Rfd8 15.Rfd1 Nf8
16.Rab1 Ne8 17.e4 dxe4 18.Nxe4 f5 19.Nc3 Qf6 20.d5 e5 21.dxc6 bxc6 22.Rxd8 Rxd8
23.Rd1 Ne6 24.Rxd8 Qxd8 25.Qd3 Nd4 26.Bf1 Qd6 27.Na4 c5 28.Qc3 Qc7 29.Qg3 Kf7
30.Nc3 Nf6 31.Nd5 Qd6 32.Qc3 Qd8 33.Qg3 Qd6 34.Qc3 Nc6 35.h3 Ne4 36.Qe1 Ng5
37.Qd2 Ne6 38.Qe1 Ned4 39.Qd2 e4 40.Qc3 f4 41.Qd2 g5 42.h4 gxh4 43.Qxf4+ Qxf4
44.Nxf4 Nb4 45.a3 Nbc2 46.b4 axb4 47.axb4 Nxb4 48.Be2 g5 49.Bh5+ Kf6 50.Nh3 Nd3
51.Kf1 Ne5 52.Be2 Nxe2 53.Kxe2 Nxc4 54.f3 exf3+ 55.Kxf3 Kf5 56.Ke2 Ne5 57.Nf2 Kf4
58.Nh3+ Kg3 59.Kf1 g4 60.Nf2 Kh2 61.Ne4 g3 62.Ng5 c4  0-1

[Event "BCF-chT 96/97"]
[Site "England"]
[Date "1996.??.??"]
[Round "2"]
[White "Saunders, John C"]
[Black "Moore, John C"]
[Result "1-0"]
[WhiteElo "2240"]
[BlackElo "2155"]

1.c4 c6 2.e4 e5 3.Nf3 Qa5 4.Nc3 Bb4 5.Be2 Nf6 6.Qc2 O-O 7.O-O d6 8.d3 Bg4
9.Bd2 Qc7 10.a3 Bc5 11.b4 Bd4 12.Rab1 Re8 13.Bg5 Bxf3 14.Bxf3 Nbd7 15.Ne2 c5
16.h3 h6 17.Bd2 Nf8 18.Nxd4 cxd4 19.Bd1 Ne6 20.g3 Rac8 21.Qa2 Ng5 22.Bxg5 hxg5
23.Qd2 Nh7 24.f4 Qe7 25.fxe5 dxe5 26.c5 Nf8 27.Bb3 Ne6 28.Rf5 f6 29.Qa2 a5
30.Bd5 Kh7 31.Rf2 Qd7 32.Qe2 Re7 33.Qh5+ Kg8 34.bxa5 Rxc5 35.Rxb7 Rxd5 36.Rxd7 Rdxd7
37.Rb2 Ra7 38.Rb8+ Nf8 39.Qd1 g6 40.Qb3+ Kg7 41.Qd5 Red7 42.Qc5 Ne6 43.Qb6 Kf7
44.a6 Rac7 45.Rb7 Ke7 46.Rxc7 Nxc7 47.Qc5+ Ke8 48.a7  1-0

[Event "EST-chT"]
[Site "EST"]
[Date "1996.??.??"]
[Round "?"]
[White "Leito, Priit"]
[Black "Maidla, Vallo"]
[Result "0-1"]
[WhiteElo "2310"]
[BlackElo "2370"]

1.c4 c6 2.e4 d5 3.exd5 cxd5 4.cxd5 Nf6 5.Nc3 Nxd5 6.Nf3 Nc6 7.d4 e6 8.Bc4 Nxc3
9.bxc3 Be7 10.O-O O-O 11.Qe2 b6 12.Bf4 Bb7 13.Rac1 Bf6 14.Rfd1 Rc8 15.Bd3 Qe7
16.Qe3 Rfd8 17.Bg5 Rd5 18.Bxf6 Qxf6 19.c4 Ra5 20.d5 Nb4 21.a3 Nxd3 22.Rxd3 Rac5
23.Rcd1 exd5 24.cxd5 Qd6 25.h3 h6 26.Qd2 Rd8 27.Qe3 Ra5 28.Nh4 Qf6 29.Qe4 g6
30.Nf3 Qd6 31.Ne5 Re8 32.Nc4 Qd8 33.Qf3 Rc5 34.Ne3 Re5 35.Qf4 Qg5 36.Qxg5 hxg5
37.d6 Re8 38.Ng4 Kg7 39.Ne3  0-1

[Event "EST-chT"]
[Site "EST"]
[Date "1996.??.??"]
[Round "?"]
[White "Neff, Sergei"]
[Black "Liiva, Riho"]
[Result "0-1"]
[WhiteElo "2340"]
[BlackElo "2425"]

1.c4 c6 2.d4 d5 3.Nc3 Nf6 4.Nf3 e6 5.Bg5 Nbd7 6.e3 Qa5 7.Nd2 Bb4 8.Qc2 O-O
9.h4 c5 10.dxc5 Ne4 11.Ncxe4 dxe4 12.Be7 Re8 13.Bd6 Rd8 14.O-O-O Qxa2 15.Bc7 Re8
16.Nxe4 Nxc5 17.Nxc5 Bxc5 18.Bd3 f5 19.Be5 Bd7 20.b3 Qxc2+ 21.Kxc2 Bc6 22.Rhg1 g6
23.Bd4 Bf8 24.Ra1 a6 25.f4 Rad8 26.g4 Bg7 27.Kc3 Rxd4 28.exd4 Rd8 29.gxf5 Bxd4+
30.Kc2 Bxa1 31.Rxa1 exf5 32.Kc3 Re8 33.Kd4 Rd8+ 34.Kc3 Be4 35.Bxe4 fxe4 36.Re1 Rd3+
37.Kc2 Rh3 38.Rxe4 Kf7 39.Rd4 Ke7  0-1

[Event "FIN-chT 9596"]
[Site "FIN"]
[Date "1996.??.??"]
[Round "2"]
[White "Seppanen, Asko"]
[Black "Tuomala, Tapio"]
[Result "1-0"]
[WhiteElo "2290"]
[BlackElo "2285"]

1.c4 c6 2.Nf3 d5 3.d4 Nf6 4.Nc3 dxc4 5.a4 Bg4 6.Ne5 Bh5 7.Nxc4 e6 8.Qb3 Na6
9.e3 Nb4 10.Ne5 a5 11.Bd2 Bd6 12.Nc4 Bg6 13.Rc1 Bc7 14.Na2 Nxa2 15.Qxa2 Nd5
16.Qb3 Qb8 17.h3 O-O 18.Na3 e5 19.dxe5 Bxe5 20.Nc4 Bc7 21.Be2 Rd8 22.O-O b5
23.axb5 cxb5 24.Na3 Nf4 25.exf4 Rxd2 26.Bf3 Ra6 27.Qxb5 Bd3 28.Qxb8+  1-0

[Event "FIN-chT 9697"]
[Site "FIN"]
[Date "1996.??.??"]
[Round "5.4"]
[White "Hentunen, Asko"]
[Black "Luukkonen, Tommi"]
[Result "0-1"]
[WhiteElo "2310"]
[BlackElo "2100"]

1.c4 c6 2.Nf3 d5 3.b3 Bg4 4.Ne5 Bh5 5.d4 e6 6.cxd5 Qa5+ 7.Bd2 Qxd5 8.Bc3 c5
9.dxc5 Qxd1+ 10.Kxd1 Nf6 11.b4 a5 12.b5 Ne4 13.Bd4 f6 14.Nd3 Nd7 15.g4 Bg6
16.c6 bxc6 17.bxc6 Ndc5 18.Nd2 O-O-O 19.Be3 Nc3+ 20.Kc2 Nxe2 21.Bxe2 Nxd3
22.Kb3 Kc7 23.Nf3 Rb8+ 24.Kc4 Nb2+ 25.Kc3 Na4+ 26.Kd2 Bb4+ 27.Kd1 Bc3  0-1

[Event "Frydek-Mistek op"]
[Site "Frydek-Mistek"]
[Date "1996.??.??"]
[Round "1"]
[White "Ivanov, Oleg"]
[Black "Valenta, Vit"]
[Result "1/2-1/2"]
[WhiteElo "2430"]
[BlackElo "2320"]

1.c4 c6 2.Nf3 Nf6 3.d4 d5 4.e3 Bf5 5.cxd5 cxd5 6.Qb3 Qb6 7.Bb5+ Bd7 8.Nc3 e6
9.Bd2 a6 10.Bd3 Qxb3 11.axb3 Nc6 12.Na4 Nb4 13.Bxb4 Bxb4+ 14.Ke2 Ke7 15.Nb6 Rab8
16.Rhc1 Rhd8 17.Rc2 Bd6 18.Rac1 h6 19.h3 Kf8 20.Ne5 Be8 21.f4 Ng8 22.g4 Ne7
23.Ra1 f6 24.Nf3 Nc6 25.Rcc1 Nb4 26.Bb1  1/2-1/2

[Event "Frydek-Mistek op"]
[Site "Frydek-Mistek"]
[Date "1996.??.??"]
[Round "3"]
[White "Ivanov, Oleg"]
[Black "Ulak, Slawomir"]
[Result "1/2-1/2"]
[WhiteElo "2430"]
[BlackElo "2255"]

1.c4 c6 2.Nf3 d5 3.d4 Nf6 4.e3 Bf5 5.cxd5 cxd5 6.Qb3 Qc7 7.Bd2 Nc6 8.Bb5 e6
9.O-O Bd6 10.Rc1 O-O 11.Nc3 Ne4 12.Nxe4 Bxe4 13.Bxc6 bxc6 14.Bb4 Bxf3 15.Bxd6 Qxd6
16.gxf3 Rac8 17.Qc3 Rfe8 18.Rc2  1/2-1/2

[Event "ISL-ch"]
[Site "Gardabaer"]
[Date "1996.??.??"]
[Round "7"]
[White "Olafsson, Helgi"]
[Black "Thorhallsson, Throstur"]
[Result "1-0"]
[WhiteElo "2485"]
[BlackElo "2445"]

1.c4 c6 2.e4 d5 3.exd5 Nf6 4.Nc3 cxd5 5.cxd5 Nxd5 6.Nf3 e6 7.d4 Nc6 8.Bb5 Bb4
9.Qd3 a6 10.Bxc6+ bxc6 11.O-O a5 12.Re1 Ba6 13.Qe4 O-O 14.Bd2 c5 15.Nxd5 exd5
16.Qf4 c4 17.Ne5 Qc7 18.a3 Bxd2 19.Qxd2 Rab8 20.Rac1 Rb3 21.Rc3 Rxc3 22.Qxc3 Re8
23.Nxc4 Ra8 24.Ne3 Qd8 25.Qc6 Bc4 26.Nxc4 dxc4 27.Qxc4 Rc8 28.Qb5 h6 29.Qd3 Qd5
30.h3 g6 31.Qd2 a4 32.Qb4 Qd7 33.Rd1 Rc2 34.d5 Qf5 35.Qd4 Qd7 36.d6 Rc8 37.Re1 Kh7
38.Re7 Qf5 39.d7  1-0

[Event "Troll Masters"]
[Site "Gausdal"]
[Date "1996.??.??"]
[Round "2"]
[White "Akesson, Ralf"]
[Black "Sokolovs, Andrei"]
[Result "1-0"]
[WhiteElo "2505"]
[BlackElo "2495"]

1.c4 c6 2.Nc3 d5 3.d4 Nf6 4.e3 a6 5.Qc2 b5 6.b3 Bg4 7.Nge2 Bh5 8.Nf4 Bg6
9.Nxg6 hxg6 10.Bd3 e6 11.Bb2 Bd6 12.e4 dxe4 13.Nxe4 Nxe4 14.Bxe4 Ra7 15.g3 bxc4
16.bxc4 Qa5+ 17.Kf1 O-O 18.h4 Rd8 19.h5 gxh5 20.c5 Be7 21.Rxh5 Bf6 22.Bc3 Qc7
23.Kg2 g6 24.Rh3 Bxd4 25.Bxg6 Qe5 26.Rd1 Rad7 27.Ba5 Rf8 28.Bh7+ Kg7 29.Bd2 Rh8
30.Bh6+ Kf6 31.Be4 Qxc5 32.Qe2 Ke7 33.Rh5 Qc3 34.Bd2 Qa3 35.Bg5+ Ke8 36.Rb1 Qd6
37.Bf4  1-0

[Event "Eikrem mem"]
[Site "Gausdal"]
[Date "1996.??.??"]
[Round "2"]
[White "Stefansson, Hannes"]
[Black "Johansen, T."]
[Result "1-0"]
[WhiteElo "2560"]
[BlackElo "2375"]

1.c4 c6 2.Nf3 d5 3.d4 Nf6 4.Nc3 dxc4 5.a4 Bf5 6.e3 e6 7.Bxc4 Bb4 8.O-O O-O
9.Nh4 Bg4 10.f3 Bh5 11.g4 Nd5 12.Ng2 Bg6 13.Na2 Be7 14.Qb3 Qb6 15.Bd2 Qxb3
16.Bxb3 Bd3 17.Rfc1 Nd7 18.e4 Nc7 19.Nb4 Ba6 20.Rc2 c5 21.Rac1 Rfd8 22.Bf4 cxb4
23.Rxc7 Kf8 24.g5 b6 25.h4 Ke8 26.h5 Nf8 27.Bc4 Bxc4 28.R1xc4 a6 29.Rb7 b5
30.axb5 axb5 31.Rxb5 Ra1+ 32.Bc1 Bxg5 33.Rxg5  1-0

[Event "Eikrem mem"]
[Site "Gausdal"]
[Date "1996.??.??"]
[Round "9"]
[White "Agdestein, Simen"]
[Black "Gausel, Einar"]
[Result "1/2-1/2"]
[WhiteElo "2600"]
[BlackElo "2520"]

1.c4 c6 2.e4 d5 3.exd5 cxd5 4.cxd5 Nf6 5.Bb5+ Nbd7 6.Nc3 a6 7.Ba4 b5 8.Bb3 Bb7
9.d4 Nb6 10.Nf3 Nbxd5 11.Bg5 e6 12.Bxd5 Bxd5 13.Bxf6 gxf6 14.Nxd5 Qxd5 15.O-O Bg7
16.Qe2 O-O 17.Rfd1 Rfd8 18.b3 Rac8 19.Rd3 Rd6 20.Rad1 Rdc6 21.Ne1 Rc3 22.Kf1 f5
23.Qf3 Rxd3 24.Rxd3 Qe4 25.Qxe4 fxe4 26.Rd1 f5 27.Ke2  1/2-1/2

[Event "Geneve op"]
[Site "Geneve"]
[Date "1996.??.??"]
[Round "4"]
[White "Rotstein, Arkadij"]
[Black "Domont, Alexandre"]
[Result "1-0"]
[WhiteElo "2445"]
[BlackElo "2335"]

1.c4 c6 2.e4 d5 3.exd5 cxd5 4.cxd5 Nf6 5.Nc3 g6 6.Bc4 Bg7 7.Nf3 O-O 8.O-O a6
9.a4 Qa5 10.Rb1 Qb4 11.d3 Rd8 12.Bd2 Bg4 13.Ne4 Qb6 14.Be3 Qc7 15.Neg5 Nxd5
16.Nxf7 Rd7 17.Nh6+ Bxh6 18.Bxh6 Nc6 19.h3 Bxf3 20.Qxf3 e6 21.Rfe1 Qd6 22.Re4 Rf7
23.Qe2 Re8 24.Re1 Rf6 25.h4 Nc7 26.Qe3 Kh8 27.d4 b5 28.axb5 axb5 29.Bf1 Nb4
30.Bf4 Qd7 31.Be5 Kg7 32.Qf3 Ncd5 33.g4 Rf8 34.g5  1-0

[Event "Geneve op"]
[Site "Geneve"]
[Date "1996.??.??"]
[Round "9"]
[White "Chabanon, Jean Luc"]
[Black "Khenkin, Igor"]
[Result "0-1"]
[WhiteElo "2425"]
[BlackElo "2575"]

1.c4 c6 2.d4 d5 3.cxd5 cxd5 4.Nc3 e5 5.e4 dxe4 6.Bb5+ Bd7 7.dxe5 Bb4 8.e6 fxe6
9.Nh3 Nf6 10.Bc4 Qc7 11.Qb3 Nc6 12.O-O Bxc3 13.Qxc3 Ne5 14.Bf4 Qxc4 15.Qxe5 O-O
16.Rfd1 Rac8 17.Be3 Ng4 18.Qg3 Nxe3 19.Qxe3 Bc6 20.b3 Qa6 21.Nf4 Rce8 22.Rd6 Rf6
23.Nh5 Rg6 24.Ng3 Qb6 25.Qxb6 axb6 26.Re1 Ra8 27.Rd2 Rg4 28.Re3 Kf7 29.h3 Rf4
30.Ne2 Rh4 31.Nc3 Kf6 32.Rd4 Ke5 33.Rb4 b5 34.Kh2 Rf4 35.Kg1 Kd6 36.Rd4+ Kc5
37.Rd2 b4 38.Ne2 Rf6 39.Ng3 Rf4 40.Ne2 Rh4 41.Rg3 g6 42.Rg5+ Bd5 43.Kh2 Rh5
44.Rxh5 gxh5 45.h4 Rf8 46.Kg1 Rg8 47.Nf4 Rg4 48.g3 e3 49.fxe3 Rxg3+ 50.Kf2 Rg4
51.Rd4 b6 52.Ke2 Kc6 53.Rxb4 Rxh4 54.Nxd5 Rh2+ 55.Kf3 exd5 56.Ra4 Rh3+ 57.Kf2 h4
58.Ra7 Rh2+ 59.Kf3 h5 60.Rh7 Rxa2 61.Rh6+ Kc5 62.b4+ Kb5 63.Rxh5 Kxb4 64.Rxd5 h3
65.Rd1 h2 66.e4 b5 67.e5 Kc5 68.Ke4 Rg2 69.Rc1+ Kb6 70.Rh1 Kc6 71.Kf3 Rc2
72.Rd1 Rd2 73.Rc1+ Kd5 74.Rb1 b4  0-1

[Event "Landesliga N9596 Bayern"]
[Site "Germany"]
[Date "1996.??.??"]
[Round "?"]
[White "Bunk, Karsten"]
[Black "Meister, Thomas"]
[Result "1-0"]
[WhiteElo "2075"]
[BlackElo "2010"]

1.c4 c6 2.g3 Nf6 3.d4 d5 4.Bg2 Bf5 5.cxd5 cxd5 6.Nc3 e6 7.Bf4 Nc6 8.Nf3 Qb6
9.Qb3 Qxb3 10.axb3 Bc2 11.Nb5 Kd7 12.Rc1 Bxb3 13.Ne5+ Nxe5 14.Rc7+ Kd8 15.dxe5 Ne4
16.Bxe4 dxe4 17.Bg5+ Ke8 18.Rxb7 Bb4+ 19.Kf1 Kf8 20.Nc7  1-0

[Event "BL2-W9596"]
[Site "Germany"]
[Date "1996.??.??"]
[Round "?"]
[White "Bosboom, Manuel"]
[Black "Boidman, Yuri"]
[Result "0-1"]
[WhiteElo "2425"]
[BlackElo "2325"]

1.c4 c6 2.Nf3 d5 3.g3 Nf6 4.Bg2 Bf5 5.O-O e6 6.d3 Be7 7.Be3 dxc4 8.dxc4 Qxd1
9.Rxd1 Nbd7 10.Nc3 h6 11.a3 e5 12.b4 O-O 13.h3 Be6 14.Nd2 Nb6 15.b5 Rfc8
16.Rdb1 Nxc4 17.Nxc4 Bxc4 18.bxc6 bxc6 19.Rb7 Bf8 20.Rxa7 Rxa7 21.Bxa7 Ra8
22.Be3 Rxa3 23.Rxa3 Bxa3 24.Bxc6 Bb4 25.Ne4 Nxe4 26.Bxe4 Bxe2 27.Bd5 Kf8
28.g4 Ke7 29.f4 f6 30.Kf2 Kd6 31.Kxe2 Kxd5 32.f5 Ke4 33.Bc1 h5 34.Be3 hxg4
35.hxg4 Bc3 36.Bc1 Bd4 37.Bd2 Bg1 38.Bc1 Bh2 39.Be3 Bg3 40.Bd2 Bf4 41.Be1 Bh6
42.Bg3 Bg5  0-1

[Event "BL2-N9697"]
[Site "Germany"]
[Date "1996.??.??"]
[Round "?.1"]
[White "Wilhelmi, Christian"]
[Black "Gisbrecht, Ewgeni"]
[Result "0-1"]
[WhiteElo "2355"]
[BlackElo "2370"]

1.c4 c6 2.Nc3 d5 3.d4 Nf6 4.e3 a6 5.Bd3 b5 6.b3 Bg4 7.Nge2 Bh5 8.O-O e6 9.a3 Bg6
10.Nf4 Bxd3 11.Qxd3 Be7 12.e4 dxe4 13.Nxe4 O-O 14.Bb2 Nbd7 15.Rad1 Qc7 16.g3 Nxe4
17.Qxe4 bxc4 18.bxc4 Rab8 19.Rd2 Nf6 20.Qf3 Qa5 21.Rfd1 Qa4 22.d5 Qxc4 23.d6 Bd8
24.Rc1 Qe4 25.Qc3 Bb6 26.Re2 Qa4 27.Re5 h6 28.Ba1 Bd8 29.Re3 Ba5 30.Qd3 Nd5
31.Re4 Qb3 32.Qd4 Nf6 33.Re3 Qb5 34.Re5 Qb6 35.Qd1 Qd8 36.Nh5 Bb6 37.Kg2 Nxh5
38.Rxh5 f6 39.Qg4 Qxd6 40.Rd1 Qe7 41.Rxh6 Qc5 42.Qxe6+ Rf7 43.Rd7 Qxf2+ 44.Kh3 Rf8
45.Bxf6 Qe3 46.Bxg7 Qxe6+ 47.Rxe6 Kxg7 48.Rxf7+ Rxf7 49.Rxc6 Rf6 50.Rc4 Rd6
51.Kg4 Kf6 52.Rf4+ Kg6 53.h4 Rd4 54.Rxd4 Bxd4 55.Kf4 Kh5 56.a4 Bf2 57.Kf3 Bc5
58.Kf4 Bd6+ 59.Kf3 a5  0-1

[Event "Bundesliga 9596"]
[Site "Germany"]
[Date "1996.??.??"]
[Round "?"]
[White "Dinstuhl, Volkmar"]
[Black "Borik, Otto"]
[Result "1-0"]
[WhiteElo "2355"]
[BlackElo "2400"]

1.c4 c6 2.e4 d5 3.exd5 Nf6 4.d4 cxd5 5.Nc3 e6 6.Nf3 Be7 7.cxd5 Nxd5 8.Bc4 O-O
9.O-O Nc6 10.Re1 Nf6 11.a3 a6 12.Bg5 h6 13.Bh4 b5 14.Bd3 Bb7 15.Rc1 b4 16.Na4 bxa3
17.bxa3 Na7 18.Nc5 Bxf3 19.Qxf3 Nb5 20.Bxf6 Bxf6 21.Qe4 Re8 22.d5 Nd4 23.Nb7 Qb6
24.Qh7+ Kf8 25.d6 g6 26.Rc7 Bg7 27.Bxg6 Qxc7 28.dxc7 fxg6 29.Nd6 Rec8 30.Nxc8 Rxc8
31.Qxg6 Rxc7 32.h3 Rc6 33.Rb1 Rc8 34.f4 Ne2+ 35.Kh1  1-0

[Event "Oberliga Ost C9596"]
[Site "Germany"]
[Date "1996.??.??"]
[Round "?"]
[White "Holfelder, Hans Joachim"]
[Black "Stockmann, Michael"]
[Result "1-0"]
[WhiteElo "2315"]
[BlackElo "2120"]

1.c4 c6 2.Nf3 Nf6 3.g3 d5 4.b3 Qb6 5.Bg2 e5 6.d3 e4 7.Be3 Bb4+ 8.Nbd2 Qa5
9.dxe4 dxe4 10.Ng5 Ng4 11.Nxe4 Nxe3 12.fxe3 f5 13.a3 Be7 14.Nf2 Bg5 15.b4 Qe5
16.O-O Bxe3 17.c5 Be6 18.Nf3 Qc3 19.Qd6 Kf7 20.Kh1 Nd7 21.Ne4 Qb3 22.Nfg5+ Bxg5
23.Nxg5+ Kf6 24.Nxe6 Qxe6 25.Rxf5+  1-0